Movies Quiz

Random Movies or Actor Quiz

Multiple Real People Disorder Quiz Stats

 Plays Quiz Updated Apr 10, 2014

Challenge
Share
Tweet
Embed
Score 0/28 Timer 06:00
0 Plays Today
Real Life People Actor % Correct
Elizabeth Gilbert & Erin BrockovichJulia Roberts
95.1%
Charlie Wilson & Jim LovellTom Hanks
83.4%
Julia Child & Karen SilkwoodMeryl Streep
77.4%
Muhammad Ali & Chris GardnerWill Smith
76.8%
Frank Abagnale Jr. & Howard HughesLeonardo DiCaprio
72.3%
Ed Wood & John DillingerJohnny Depp
67.7%
Malcolm X & Steve BikoDenzel Washington
66.3%
Jake LaMotta & Al CaponeRobert De Niro
62.8%
Dmitri Shostakovich & GandhiBen Kingsley
56.2%
Andy Kaufman & Steven Jay RussellJim Carrey
56.1%
Jim Morrison & Doc HollidayVal Kilmer
55%
Frida Kahlo & Martha BeckSalma Hayek
48.4%
Katharine Hepburn & Bob DylanCate Blanchett
46.3%
Charlie Chaplin & Joseph WershbaRobert Downey Jr.
44.9%
Real Life People Actor % Correct
Jeffrey Wigand & John NashRussell Crowe
43.8%
Brandon Teena & Amelia EarhartHilary Swank
43%
Virginia Woolf & Diane ArbusNicole Kidman
38.2%
Dan White & George W. BushJosh Brolin
37.6%
Loretta Lynn & Carolyn CassadySissy Spacek
36%
Aileen Wuornos & Britt EklandCharlize Theron
34.5%
Bonnie Parker & Joan CrawfordFaye Dunaway
32.3%
Harper Lee & Leigh Anne TuohySandra Bullock
30%
Richard Nixon & C.S. LewisAnthony Hopkins
29.8%
James Dean & Aron RalstonJames Franco
27.5%
Henry II & T. E. LawrencePeter O'Toole
21.2%
Henry V & Richard IIILaurence Olivier
20%
Patsy Cline & Frances FarmerJessica Lange
19.3%
Emiliano Zapata & Mark AntonyMarlon Brando
12.9%

You're not logged in!

Compare scores with friends on all Sporcle quizzes.
Join for Free
OR
Log In

You Might Also Like...

Show Comments

Extras

Top Quizzes Today


Score Distribution

Your Account Isn't Verified!

In order to create a playlist on Sporcle, you need to verify the email address you used during registration. Go to your Sporcle Settings to finish the process.

Report this User

Report this user for behavior that violates our Community Guidelines.

Details: